000 00542nam a2200193 4500
003 SEACOMEC
005 20250207124311.0
008 231004b |||||||| |||| 00| 0 eng d
020 _cRs. 350.00
040 _aSEACOMEC
082 _a621.31042
_bG896
100 1 _aGupta, J.B.
245 1 _aTheory and Performance of Electrical Machines/
_cJ.B. Gupta
250 _a14th ed
260 _aDelhi
_bS.K. Kataria
_c2006
650 _aApplied Physics
650 _aGeneration, modification, storage, transmission of electric power
942 _cBOOK
999 _c68
_d68